| 000 | 00000nam 2200000zi 4500 |
| 001 | 9.892774 |
| 003 | CaOODSP |
| 005 | 20230501145830 |
| 006 | m o d f |
| 007 | cr |n||||||||| |
| 008 | 201022s1990 onc o f000 0|eng d |
| 040 | |aCaOODSP|beng|erda|cCaOODSP |
| 043 | |an-cn--- |
| 086 | 1 |aRG31-68/1990E-PDF |
| 245 | 00|aConsumers, business, government : |bteam up for a stronger marketplace : National Consumer Week : organizers' manual (a compendium of helpful hints, ideas on publicity and planning to supplement your own ingenuity and creativity). |
| 246 | 14|aTeam up for a stronger marketplace : |bconsumers, business, government : National Consumer Week : organizer's manual |
| 264 | 1|a[Ottawa] : |bConsumer and Corporate Affairs Canada = Consommation et corporations Canada, |c[1990] |
| 300 | |a1 online resource (26 pages) |
| 336 | |atext|btxt|2rdacontent |
| 337 | |acomputer|bc|2rdamedia |
| 338 | |aonline resource|bcr|2rdacarrier |
| 500 | |aDigitized edition from print [produced by Innovation, Science and Economic Development Canada]. |
| 500 | |aIssued also in French under title: Faisons équipe pour un marché dynamique : consommateurs, entreprises, gouvernements : Semaine nationale des consommateurs : le manuel de l'organisateur (un abrégé de conseils pratiques, d'idées sur la publicité et la planification à ajouter à votre propre ingéniosité et créativité). |
| 650 | 0|aConsumers|zCanada. |
| 710 | 1 |aCanada. |bConsumer and Corporate Affairs Canada, |eissuing body. |
| 775 | 08|tFaisons équipe pour un marché dynamique : |w(CaOODSP)9.922125 |
| 856 | 40|qPDF|s231 KB|uhttps://publications.gc.ca/collections/collection_2023/isde-ised/RG31-68-1990-eng.pdf |